000 00619nam a2200253Ia 4500
003 OSt
005 20221007101520.0
006 a|||||r|||| 00| 0
007 ta
008 221006b |||||||| |||| 00| 0 eng d
024 _a6,584
037 _cTextual
040 _aLCO
_cLCO
_beng
041 _2eng
_aeng
082 _aZ(Q7), L5
100 _aZwemer S M
_9287134
245 0 _aLaw of Apostasy in Islam
250 _a1st
260 _aNew
_bDelhi Amarko Book Agency India
_c1975
300 _a162
650 _aISLAM
942 _hZ(Q7), L5
_cTEXL
999 _c1176147
_d1176147